| 000 | 00664nam a2200229 a 4500 | ||
|---|---|---|---|
| 005 | 20230602063801.0 | ||
| 008 | 131129s2011 mx r 000 0 spa d | ||
| 020 | _a9786072402652 (SM) | ||
| 020 | _a9786074557329 (CONACULTA) | ||
| 035 | _aUPN01000194327 | ||
| 049 | _aCG | ||
| 050 | 4 |
_aPQ7298.423 A4.6 _bM3.2 |
|
| 100 | 1 |
_aMalpica Maury, Antonio, _d1967- _930238 |
|
| 245 | 1 | 0 |
_aAdonde no conozco nada / _cAntonio Malpica. |
| 260 |
_aMéxico : _bSM : _bCONACULTA, _c2011. |
||
| 300 | _a163 p. | ||
| 440 | 0 |
_aGran angular ; _v55M |
|
| 650 | 4 |
_aNovela mexicana _94557 |
|
| 650 | 0 |
_aLiteratura juvenil mexicana _915848 |
|
| 905 | _aLibro | ||
| 999 |
_c166428 _d166428 |
||